000 00558nam a2200157 4500
001 121707
003 ES-MaACL
005 20230906191815.0
007 t|
008 070214s1944 sp r ||||1| spa d
100 1 _aPlaza, Carlos Guillermo.
_992618
245 1 0 _aContemplando en todo a Dios
_b: estudio ascético-psicológico sobre el Memorial del Beato Pedro Fabro, S. J., primer compañero de San Ignacio de Loyola /
_cC. G. Plaza, S. J.
260 _aMadrid :
_bFax,
_c1944.
300 _aXVI, 351 p. ;
_c26 cm.
852 _aES-MaACL
_jB-10351
_bR.21657
999 _c121707
_d121707